LEADER 01445nam--2200301---450 001 9910312046403321 005 20231016091842.0 012 $aese; tans med. veCh (3) 1823 (A)$2fei$5IT-NA0338: O III 49 100 $a20201123d1823----km-y0itay50----ba 101 0 $afre 102 $aFR 140 $aa-----------------bb0------- 200 1 $aGuide du voyageur en Espagne, par M. Bory de Saint-Vincent, ... avec deux cartes coloriées dressées et dessinées par l'auteur 210 $aParis$cLouis Janet, libraire, rue Saint-Jacques, N° 59$d1823$e[Paris]$gimprimerie de J. Tastu, rue de Vaugirare, N. 36 215 $a[4], xxxviij, [2], 666 p., [2] c. di tav. rip.$d8° 307 $aSegn.: a-b? c? 1-41? 42?(-42/6) 317 $aTimbro ovale: "R. Orto Botanico di Napoli Biblioteca Tenoreana" a c. a1$5IT-NA0338: O III 49 620 $aFrancia.$dParigi 700 1$aBory de Saint-Vincent,$bJean-Baptiste Geneviève Marcellin$f<1778-1846>$0763395 719 00$aJanet,$gLouis$4650 801 0$aIT$bUNINA$gREICAT$2UNIMARC 856 4 $zVisualizza la versione elettronica in Bibliothèque nationale de France$uhttps://gallica.bnf.fr/ark:/12148/bpt6k109524d$e20190328 901 $aAQ 912 $a9910312046403321 952 $aO III 49$b1193$fDBV 959 $aDBV 996 $aGuide du voyageur en Espagne, par M. Bory de Saint-Vincent, ... avec deux cartes coloriées dressées et dessinées par l'auteur$91548771 997 $aUNINA